LEADER 04005nam 22006853u 450 001 9910452785603321 005 20210113172420.0 010 $a0-7844-7718-3 035 $a(CKB)2550000001038853 035 $a(EBL)3115623 035 $a(SSID)ssj0000834888 035 $a(PQKBManifestationID)12365861 035 $a(PQKBTitleCode)TC0000834888 035 $a(PQKBWorkID)10989603 035 $a(PQKB)11034869 035 $a(MiAaPQ)EBC3115623 035 $a(EXLCZ)992550000001038853 100 $a20151005d2012|||| u|| | 101 0 $aeng 135 $aur|n|---||||| 181 $ctxt 182 $cc 183 $acr 200 10$aAnchorage Design for Petrochemical Facilities$b[electronic resource] 210 $aReston $cASCE$d2012 215 $a1 online resource (175 p.) 300 $aDescription based upon print version of record. 311 $a0-7844-1258-8 327 $a""Cover""; ""Contents""; ""Preface""; ""Chapter 1: Introduction""; ""1.1 Background""; ""1.2 Objectives and Scope""; ""1.3 Updates and Additions to Previous Report""; ""1.4 Codes and Design Procedures""; ""1.5 State of Research""; ""1.6 Future Research""; ""Chapter 2: Materials""; ""2.1 Introduction""; ""2.2 Bolt and Rod Assemblies""; ""2.3 Headed Studs""; ""2.4 Post-Installed Anchors""; ""2.5 Shear Lugs""; ""2.6 Corrosion""; ""2.7 Anchorage Exposed to Extreme Temperatures""; ""Chapter 3: Cast-in-Place Anchor Design""; ""3.1 Introduction""; ""3.2 Anchor Configuration and Dimensions"" 327 $a""3.3 Strength Design""""3.4 Ductile Design""; ""3.5 Anchor Reinforcement Design""; ""3.6 Frictional Resistance and Transmitting of Shear Force into Anchors""; ""3.7 Shear Lug Design""; ""3.8 Tensioning""; ""3.9 Welded Anchors for Embedded Plates""; ""3.10 Considerations for Vibratory Loads""; ""3.11 Considerations for Seismic Loads""; ""3.12 Constructability Considerations""; ""Chapter 4: Post-Installed Anchor Design""; ""4.1 Introduction""; ""4.2 Post-Installed Mechanical Anchors""; ""4.3 Post-Installed Bonded Anchors""; ""4.4 Considerations in Post-Installed Anchor Design"" 327 $a""4.5 Post-Installed Anchor Design""""4.6 Seismic Loading""; ""4.7 Design for High-Cycle Fatigue""; ""4.8 Post-Installed Anchor Qualification""; ""Chapter 5: Installation and Repair""; ""5.1 Introduction""; ""5.2 Post-Installed Anchor Installation""; ""5.3 Constructability Considerations""; ""5.4 Repair Procedures""; ""Appendix A: Examples""; ""Example 1: Anchor Design for Column Pedestals""; ""Example 2: Anchor Design for Octagonal Pedestal""; ""Example 3: Shear Lug Pipe Section Design""; ""Notation""; ""Glossary""; ""Index""; ""A""; ""B""; ""C""; ""D""; ""E""; ""F""; ""G""; ""H""; ""I"" 327 $a""L""""M""; ""N""; ""O""; ""P""; ""Q""; ""R""; ""S""; ""T""; ""U""; ""V""; ""W"" 606 $aIndustrial buildings -- Foundations 606 $aPetroleum refineries -- Design and construction 606 $aWind-pressure 606 $aPetroleum refineries$xDesign and construction 606 $aIndustrial buildings$xFoundations 606 $aWind-pressure 606 $aCivil & Environmental Engineering$2HILCC 606 $aEngineering & Applied Sciences$2HILCC 606 $aCivil Engineering$2HILCC 608 $aElectronic books. 615 4$aIndustrial buildings -- Foundations. 615 4$aPetroleum refineries -- Design and construction. 615 4$aWind-pressure. 615 0$aPetroleum refineries$xDesign and construction 615 0$aIndustrial buildings$xFoundations 615 0$aWind-pressure 615 7$aCivil & Environmental Engineering 615 7$aEngineering & Applied Sciences 615 7$aCivil Engineering 676 $a693.85 712 02$aAmerican Society of Civil Engineers Task Committee on Anchorage. 801 0$bAU-PeEL 801 1$bAU-PeEL 801 2$bAU-PeEL 906 $aBOOK 912 $a9910452785603321 996 $aAnchorage Design for Petrochemical Facilities$92070857 997 $aUNINA LEADER 02503nam 2200493 450 001 9910251422803321 005 20231101151339.0 010 $a953-51-4751-X 010 $a953-51-3392-6 035 $a(CKB)4100000001586802 035 $a(NjHacI)994100000001586802 035 $a(oapen)https://directory.doabooks.org/handle/20.500.12854/40648 035 $a(EXLCZ)994100000001586802 100 $a20221007d2017 uy 0 101 0 $aeng 135 $aur||||||||||| 181 $ctxt$2rdacontent 182 $cc$2rdamedia 183 $acr$2rdacarrier 200 00$aAlkaloids - alternatives in synthesis, modification and application /$fedited by Vasil Georgiev, Atanas Pavlov 210 $cIntechOpen$d2017 210 1$a[Place of publication not identified] :$cIntechOpen,$d[2017] 210 4$dİ2017 215 $a1 online resource (130 pages) 311 $a953-51-3391-8 330 $aThe book Alkaloids - Alternatives in Synthesis, Modification, and Application collects several chapters written by distinguished scientists and recognized experts in their respective fields of research. The purpose of this book is to focus the attention of a broad range of students, researchers, and specialists on some innovative and highly perspective areas in alkaloid research. The book covers several topics, guiding the readers from the development of nonconventional biotechnologies for alternative production of valuable alkaloids, through the application of modern chemical methods of asymmetric synthesis for production of synthetic and semisynthetic alkaloid derivatives, medicinal application of alkaloids as anesthetics and pain-relief drugs, analytical techniques for alkaloid profiling and their application in chemotaxonomy, quality control and standardization of raw plant material, to the importance of the control and reduction of alkaloid contents during production of animal feedstuffs. 517 $aAlkaloids 606 $aAlkaloids 610 $aPhysical Sciences 610 $aEngineering and Technology 610 $aChemistry 610 $aBioorganic Chemistry 610 $aOrganic Chemistry 615 0$aAlkaloids. 676 $a547.72 700 $aAtanas Pavlov$4auth$01432630 702 $aGeorgiev$b Vasil 702 $aPavlov$b Atanas 801 0$bNjHacI 801 1$bNjHacl 906 $aBOOK 912 $a9910251422803321 996 $aAlkaloids - alternatives in synthesis, modification and application$93577553 997 $aUNINA